书目信息 |
| 题名: |
中国传统康复治疗学
|
|
| 作者: | 陈之罡 , 李惠兰 主编 | |
| 分册: | ||
| 出版信息: | 北京 华夏出版社 2013.10 |
|
| 页数: | 10, 440页 | |
| 开本: | 26cm | |
| 丛书名: | ||
| 单 册: | ||
| 中图分类: | R247.9 | |
| 科图分类: | ||
| 主题词: | 中医学--zhong yi xue--康复医学--医学院校--教材 , 中医学--zhong yi xue , 康复医学--kang fu yi xue | |
| 电子资源: | ||
| ISBN: | 978-7-5080-7753-6 | |
| 000 | 01257nam0 2200301 450 | |
| 001 | 0109110114 | |
| 005 | 20201109155616.65 | |
| 010 | @a978-7-5080-7753-6@dCNY60.00 | |
| 100 | @a20140429e20192013em y0chiy50 ea | |
| 101 | 0 | @achi |
| 102 | @aCN@b110000 | |
| 105 | @aa z 000yy | |
| 106 | @ar | |
| 200 | 1 | @a中国传统康复治疗学@Azhong guo chuan tong kang fu zhi liao xue@dTraditional Chinese approaches in rehabilitation medicine@f陈之罡, 李惠兰主编@zeng |
| 205 | @a2版 | |
| 210 | @a北京@c华夏出版社@d2013.10@h2019.07 | |
| 215 | @a10, 440页@c图@d26cm | |
| 300 | @a高等医学院校康复治疗学专业教材/李建军主编 | |
| 330 | @a本书设有绪论、基础理论篇、临床基础篇、康复临床篇,具体内容包括:中医理论的哲学基础、脏腑经络学说、病因病机、诊法、中药康复疗法、针刺康复疗法、推拿康复疗法、神经系统疾病的中医康复治疗、肿瘤的中医康复治疗等。 | |
| 510 | 1 | @aTraditional Chinese approaches in rehabilitation medicine@zeng |
| 606 | 0 | @a中医学@Azhong yi xue@x康复医学@x医学院校@j教材 |
| 606 | 0 | @a中医学@Azhong yi xue |
| 606 | 0 | @a康复医学@Akang fu yi xue |
| 690 | @aR247.9@v5 | |
| 701 | 0 | @a陈之罡@Achen zhi gang@f(1957~)@4主编 |
| 701 | 0 | @a李惠兰@Ali hui lan@c(女,@f1959~)@4主编 |
| 801 | 0 | @aCN@bBJSZM@c20201103 |
| 905 | @b1267057-60@dR247.9@e539:2@f4 | |
| 中国传统康复治疗学=Traditional Chinese approaches in rehabilitation medicine/陈之罡, 李惠兰主编.-2版.-北京:华夏出版社,2013.10(2019.07) |
| 10, 440页:图;26cm |
| 高等医学院校康复治疗学专业教材/李建军主编 |
| ISBN 978-7-5080-7753-6:CNY60.00 |
| 本书设有绪论、基础理论篇、临床基础篇、康复临床篇,具体内容包括:中医理论的哲学基础、脏腑经络学说、病因病机、诊法、中药康复疗法、针刺康复疗法、推拿康复疗法、神经系统疾病的中医康复治疗、肿瘤的中医康复治疗等。 |
| ● |
| 相关链接 |
|
|
|
|
正题名:中国传统康复治疗学
索取号:R247.9/539:2
 
预约/预借
| 序号 | 登录号 | 条形码 | 馆藏地/架位号 | 状态 | 备注 |
| 1 | 1267057 | 212670572 | 第二样本阅览室/ [索取号:R247.9/539:2] | 在馆 | |
| 2 | 1267058 | 212670581 | 教育系资料室/ [索取号:R247.9/539:2] | 在馆 | |
| 3 | 1267059 | 212670590 | 第三借阅区/ [索取号:R247.9/539:2] | 在馆 | |
| 4 | 1267060 | 212670607 | 教育系资料室/ [索取号:R247.9/539:2] | 在馆 |